Economics: (Record no. 10872)

MARC details
000 -LEADER
fixed length control field 00887cam a22003011 4500
001 - CONTROL NUMBER
control field 6566260
003 - CONTROL NUMBER IDENTIFIER
control field mut
005 - DATE AND TIME OF LATEST TRANSACTION
control field 20240606081145.0
008 - FIXED-LENGTH DATA ELEMENTS--GENERAL INFORMATION
fixed length control field 740103s1963 xx 000 0 eng
010 ## - LIBRARY OF CONGRESS CONTROL NUMBER
LC control number 62021115
015 ## - NATIONAL BIBLIOGRAPHY NUMBER
National bibliography number GB63-12838
020 ## - INTERNATIONAL STANDARD BOOK NUMBER
International Standard Book Number 0075487500
035 ## - SYSTEM CONTROL NUMBER
System control number (OCoLC)769715
040 ## - CATALOGING SOURCE
Original cataloging agency DLC
Transcribing agency OYU
Modifying agency CCC
-- Uk
-- DLC
042 ## - AUTHENTICATION CODE
Authentication code premarc
050 00 - LIBRARY OF CONGRESS CALL NUMBER
Classification number HB171.5
Item number .M139 1984
082 ## - DEWEY DECIMAL CLASSIFICATION NUMBER
Classification number 330
100 1# - MAIN ENTRY--PERSONAL NAME
Personal name McConnell, Campbell R.
245 00 - TITLE STATEMENT
Title Economics:
Remainder of title principles, problems, and policies.
250 ## - EDITION STATEMENT
Edition statement 3rd canadian ed.
260 ## - PUBLICATION, DISTRIBUTION, ETC.
Place of publication, distribution, etc. Toronto,
Name of publisher, distributor, etc. McGraw-Hill
Date of publication, distribution, etc. [1984]
300 ## - PHYSICAL DESCRIPTION
Extent 773 p.
Other physical details illus.
Dimensions 24 cm.
500 ## - GENERAL NOTE
General note First ed. published in 1960 under title: Elementary economics: priciples, problems, and policies.
504 ## - BIBLIOGRAPHY, ETC. NOTE
Bibliography, etc. note Includes bibliography.
650 #0 - SUBJECT ADDED ENTRY--TOPICAL TERM
Topical term or geographic name entry element Economics.
906 ## - LOCAL DATA ELEMENT F, LDF (RLIN)
a 7
b cbc
c oclcrpl
d u
e ncip
f 19
g y-gencatlg
942 ## - ADDED ENTRY ELEMENTS (KOHA)
Source of classification or shelving scheme Library of Congress Classification
Koha item type Books
Holdings
Withdrawn status Lost status Source of classification or shelving scheme Damaged status Not for loan Home library Current library Date acquired Total checkouts Full call number Barcode Date last seen Price effective from Koha item type
    Library of Congress Classification     Murang'a University of Technology Library Murang'a University of Technology Library 05/07/2017   HB171.5 .M139 1984 010975 30/08/2024 05/07/2017 Books